Science Quiz

Random Science or Elements Quiz

Periodic Table: Unique 3-letter Combinations, Part I Quiz Stats

 Plays Quiz not verified by Sporcle

Score 0/44 Timer 05:00
0 Plays Today
% Correct
Oxygen
94.7%
Lithium
91.4%
Hydrogen
89.6%
Sodium
89.1%
Carbon
88.6%
Sulfur
84.3%
Iron
83.8%
Fluorine
82.2%
Magnesium
82%
Phosphorus
81.1%
Vanadium
81%
Silicon
77.6%
Krypton
77.6%
Rhodium
77.6%
Yttrium
77%
Calcium
76.2%
Molybdenum
70.2%
Selenium
69.6%
Palladium
67.2%
Osmium
67.1%
Tellurium
64%
Germanium
62.4%
% Correct
Polonium
58.7%
Dysprosium
57.3%
Mercury
54.8%
Astatine
54.5%
Neptunium
53.8%
Berkelium
53.6%
Tantalum
52.8%
Nobelium
50.6%
Antimony
48%
Meitnerium
47.2%
Livermorium
47%
Californium
46.8%
Mendelevium
44.6%
Seaborgium
44.5%
Europium
42.7%
Gadolinium
41.8%
Darmstadtium
40.2%
Lanthanum
40.1%
Rutherfordium
39.5%
Lutetium
36.8%
Protactinium
31.2%
Tennessine
12.7%

You're not logged in!

Compare scores with friends on all Sporcle quizzes.
Join for Free
OR
Log In

You Might Also Like...

Show Comments

Extras

Top Quizzes Today


Score Distribution

Your Account Isn't Verified!

In order to create a playlist on Sporcle, you need to verify the email address you used during registration. Go to your Sporcle Settings to finish the process.

Report this User

Report this user for behavior that violates our Community Guidelines.

Details: